<?xml version="1.0" encoding="UTF-8"?>
<record
    xmlns:xsi="http://www.w3.org/2001/XMLSchema-instance"
    xsi:schemaLocation="http://www.loc.gov/MARC21/slim http://www.loc.gov/standards/marcxml/schema/MARC21slim.xsd"
    xmlns="http://www.loc.gov/MARC21/slim">

  <leader>02163nam a2200301 a 4500</leader>
  <controlfield tag="001">000035760</controlfield>
  <controlfield tag="003">DO-SdBPM</controlfield>
  <controlfield tag="005">20260203061304.0</controlfield>
  <controlfield tag="007">ta</controlfield>
  <controlfield tag="008">111110s2011    dr a          001 0bspa d</controlfield>
  <datafield tag="020" ind1=" " ind2=" ">
    <subfield code="a">9789945880601</subfield>
  </datafield>
  <datafield tag="040" ind1=" " ind2=" ">
    <subfield code="a">DO-SdBPM</subfield>
    <subfield code="b">spa</subfield>
    <subfield code="c">BPMSU</subfield>
    <subfield code="d">rda</subfield>
  </datafield>
  <datafield tag="082" ind1=" " ind2="4">
    <subfield code="a">920.71</subfield>
    <subfield code="b">C957d 2011</subfield>
    <subfield code="2">22</subfield>
  </datafield>
  <datafield tag="100" ind1="1" ind2=" ">
    <subfield code="a">Disla, Luis Fausto,</subfield>
    <subfield code="d">1953-</subfield>
    <subfield code="e">autor </subfield>
    <subfield code="4">aut.</subfield>
  </datafield>
  <datafield tag="245" ind1="1" ind2="0">
    <subfield code="a">Vida y hero&#xED;smo del m&#xE1;rtir dominicano Rufino de la Cruz :</subfield>
    <subfield code="b">50 a&#xF1;os despu&#xE9;s /</subfield>
    <subfield code="c">Luis Fausto Disla.</subfield>
  </datafield>
  <datafield tag="264" ind1=" " ind2=" ">
    <subfield code="a">Santo Domingo :</subfield>
    <subfield code="b">FG imagen arte-impresi&#xF3;n,</subfield>
    <subfield code="c">2011.</subfield>
  </datafield>
  <datafield tag="300" ind1=" " ind2=" ">
    <subfield code="a">148 p&#xE1;ginas  :</subfield>
    <subfield code="b">ilustraciones ;</subfield>
    <subfield code="c">22 cm.</subfield>
  </datafield>
  <datafield tag="336" ind1=" " ind2=" ">
    <subfield code="a">texto</subfield>
    <subfield code="b">txt</subfield>
    <subfield code="2">rdacontent</subfield>
  </datafield>
  <datafield tag="337" ind1=" " ind2=" ">
    <subfield code="a">sin mediaci&#xF3;n</subfield>
    <subfield code="b">n</subfield>
    <subfield code="2">rdamedia</subfield>
  </datafield>
  <datafield tag="338" ind1=" " ind2=" ">
    <subfield code="a">volumen</subfield>
    <subfield code="b">nc</subfield>
    <subfield code="2">rdacarrier</subfield>
  </datafield>
  <datafield tag="500" ind1=" " ind2=" ">
    <subfield code="a">Incluye datos biogr&#xE1;ficos del autor en las solapas</subfield>
  </datafield>
  <datafield tag="505" ind1="0" ind2=" ">
    <subfield code="a">Pr&#xF3;logo /</subfield>
    <subfield code="r">Alcib&#xED;ades Cruz Gonz&#xE1;lez --</subfield>
    <subfield code="t">Introducci&#xF3;n --</subfield>
    <subfield code="t">Datos biogr&#xE1;ficos --</subfield>
    <subfield code="t">Facetas desarrolladas por Rufino durante su corta vida --</subfield>
    <subfield code="t">Desarrollo socio pol&#xED;tico de Rufino y su formaci&#xF3;n ideol&#xF3;gica --</subfield>
    <subfield code="t">La membres&#xED;a de Rufino dentro del Movimiento Pol&#xED;tico "El 14 de Junio" --</subfield>
    <subfield code="t">Las decisiones patri&#xF3;tricas tomadas por Rufino --</subfield>
    <subfield code="t">Planificaci&#xF3;n y realizaci&#xF3;n del viaje hacia Puerto Plata, aquel funesto viernes, 25 de noviembre de 1960 --</subfield>
    <subfield code="t">Descripci&#xF3;n del horrendo crimen --</subfield>
    <subfield code="t">Situaci&#xF3;n en Conuco y Ojo de Agua por el retraso de su llegada --</subfield>
    <subfield code="t">Reacciones de residentes en Santiago al difundirse la noticia del supuesto "accidente automovil&#xED;stico" --</subfield>
    <subfield code="t">Traslados de los cad&#xE1;veres desde Santiago a Salcedo s&#xE1;bado 26 de noviembre de 1960 --</subfield>
    <subfield code="t">El velatorio de Rufino --</subfield>
    <subfield code="t">Lo inesperado en el velatorio de Rufino --</subfield>
    <subfield code="t">El sepelio de Rufino --</subfield>
    <subfield code="t">Hechos significativos ocurridos en el seno de la familia de Rufino despu&#xE9;s de su asesinato --</subfield>
    <subfield code="t">El aporte de Rufino a la democracia dominicana --</subfield>
    <subfield code="t">Personalidades y parientes entrevistados --</subfield>
    <subfield code="g">Agradecimientos --</subfield>
    <subfield code="g">Fuentes bibliogr&#xE1;ficas.</subfield>
  </datafield>
  <datafield tag="590" ind1=" " ind2=" ">
    <subfield code="a">Inventariado, 2026/VM</subfield>
  </datafield>
  <datafield tag="600" ind1="1" ind2="7">
    <subfield code="a">Cruz Disla, Rufino Antonio de la,</subfield>
    <subfield code="d">1923-1960</subfield>
  </datafield>
  <datafield tag="650" ind1=" " ind2="7">
    <subfield code="a">Homicidio pol&#xED;tico</subfield>
    <subfield code="z">Rep&#xFA;blica Dominicana</subfield>
    <subfield code="y">Era de Trujillo, 1930-1961</subfield>
  </datafield>
  <datafield tag="910" ind1=" " ind2=" ">
    <subfield code="a">VMateo V. Control de la calidad BPMSU </subfield>
  </datafield>
  <datafield tag="942" ind1=" " ind2=" ">
    <subfield code="2">ddc</subfield>
    <subfield code="c">BK</subfield>
  </datafield>
  <datafield tag="952" ind1=" " ind2=" ">
    <subfield code="0">0</subfield>
    <subfield code="1">0</subfield>
    <subfield code="2">ddc</subfield>
    <subfield code="7">0</subfield>
    <subfield code="8">CD</subfield>
    <subfield code="a">BPMET</subfield>
    <subfield code="b">BPMET</subfield>
    <subfield code="d">2026-02-03</subfield>
    <subfield code="l">0</subfield>
    <subfield code="o">BPMSU CD 920.71 C957D 2011</subfield>
    <subfield code="p">BPMSU26020011</subfield>
    <subfield code="r">2026-02-03</subfield>
    <subfield code="w">2026-02-03</subfield>
    <subfield code="y">BK</subfield>
  </datafield>
  <datafield tag="999" ind1=" " ind2=" ">
    <subfield code="c">15654</subfield>
    <subfield code="d">15654</subfield>
  </datafield>
</record>
